Discovering computers: (Record no. 366103)
[ view plain ]
| 000 -LEADER | |
|---|---|
| fixed length control field | 00821nam a22002537a 4500 |
| 003 - CONTROL NUMBER IDENTIFIER | |
| control field | 0 |
| 005 - DATE AND TIME OF LATEST TRANSACTION | |
| control field | 20240814143129.0 |
| 008 - FIXED-LENGTH DATA ELEMENTS--GENERAL INFORMATION | |
| fixed length control field | 240814b xxu||||| |||| 00| 0 eng d |
| 020 ## - INTERNATIONAL STANDARD BOOK NUMBER | |
| International Standard Book Number | 978-0-357-67536-6 |
| 050 ## - LIBRARY OF CONGRESS CALL NUMBER | |
| Classification number | QA 76.5 |
| Item number | .C37 2023 |
| 100 ## - MAIN ENTRY--PERSONAL NAME | |
| Personal name | Campbell, Jennifer T. |
| 245 ## - TITLE STATEMENT | |
| Title | Discovering computers: |
| Remainder of title | digital technology, data and devices |
| Statement of responsibility, etc | Jennifer T. Campbell |
| 250 ## - EDITION STATEMENT | |
| Edition statement | Seventeenth edition |
| 260 ## - PUBLICATION, DISTRIBUTION, ETC. (IMPRINT) | |
| Place of publication, distribution, etc | Boston, Massachusetts |
| Name of publisher, distributor, etc | Cengage |
| Date of publication, distribution, etc | 2023 |
| 300 ## - PHYSICAL DESCRIPTION | |
| Extent | x, 624 pages : |
| Other physical details | colored illustrations and pages ; |
| Dimensions | 27cm. |
| 504 ## - BIBLIOGRAPHY, ETC. NOTE | |
| Bibliography, etc | Includes bibliographical references, index, and glossary. |
| 650 ## - SUBJECT ADDED ENTRY--TOPICAL TERM | |
| Topical term or geographic name as entry element | Digital Technology. |
| 650 ## - SUBJECT ADDED ENTRY--TOPICAL TERM | |
| Topical term or geographic name as entry element | Computer data. |
| 650 ## - SUBJECT ADDED ENTRY--TOPICAL TERM | |
| Topical term or geographic name as entry element | Internet. |
| 650 ## - SUBJECT ADDED ENTRY--TOPICAL TERM | |
| Topical term or geographic name as entry element | Web Development. |
| 650 ## - SUBJECT ADDED ENTRY--TOPICAL TERM | |
| Topical term or geographic name as entry element | Digital Security. |
| 650 ## - SUBJECT ADDED ENTRY--TOPICAL TERM | |
| Topical term or geographic name as entry element | Network Devices. |
| 942 ## - ADDED ENTRY ELEMENTS (KOHA) | |
| Source of classification or shelving scheme | Library of Congress Classification |
| Koha item type | Books |
| Withdrawn status | Lost status | Source of classification or shelving scheme | Damaged status | Home library | Current library | Shelving location | Date acquired | Source of acquisition | Sub Shelving location | Total Checkouts | Full call number | Barcode | Date last seen | Price effective from | Koha item type |
|---|---|---|---|---|---|---|---|---|---|---|---|---|---|---|---|
| Library of Congress Classification | College Library | College Library | Reserve Section | 08/14/2024 | Library Fund | QA 76.5 .C37 2023 | C23396 | 08/14/2024 | 08/14/2024 | Books | |||||
| Library of Congress Classification | College Library | College Library | Reserve Section | 08/14/2024 | Library Fund | QA 76.5 .C37 2023 | C23398 | 08/14/2024 | 08/14/2024 | Books |